Заочные курсы по переподготовке библиотечных работников профсоюзных библиотек. Урок 14: Современная русская литература (Запись № 13570699)

Подробности
000 -МАРКЕР
контрольное поле 01534nam2a2200277 4500
001 - ИДЕНТИФИКАТОР ЗАПИСИ
контрольное поле rc\2828299
005 - ИДЕНТИФИКАТОР ВЕРСИИ
контрольное поле 20260315044850.0
035 ## - ДРУГИЕ СИСТЕМНЫЕ НОМЕРА
Идентификатор записи (NLR Aleph) 006986374
100 ## - ДАННЫЕ ОБЩЕЙ ОБРАБОТКИ
Данные общей обработки 20110628d1928 u y0rusy50 ca
101 0# - ЯЗЫК РЕСУРСА
Язык текста, звукозаписи и т.д. русский
102 ## - СТРАНА ПУБЛИКАЦИИ ИЛИ ПРОИЗВОДСТВА
Страна публикации российская федерация
105 ## - ПОЛЕ КОДИРОВАННЫХ ДАННЫХ: ТЕКСТОВЫЕ МАТЕРИАЛЫ, МОНОГРАФИЧЕСКИЕ
Кодированные данные о монографическом текстовом документе y z |||||
200 1# - ЗАГЛАВИЕ И СВЕДЕНИЯ ОБ ОТВЕТСТВЕННОСТИ
Основное заглавие Современная русская литература
Первые сведения об ответственности Сост. И.М. Машбиц-Веров
Последующие сведения об ответственности Под ред. И.М. Нусинова
210 ## - ПУБЛИКАЦИЯ, РАСПРОСТРАНЕНИЕ И ДР.
Дата издания, распространения и т.д. 1928
215 ## - ФИЗИЧЕСКАЯ ХАРАКТЕРИСТИКА
Специфическое обозначение материала и объем 54, [2] с.
461 #0 - УРОВЕНЬ НАБОРА
Встроенное поле 001rc\2828285
-- 2001#$aЗаочные курсы по переподготовке библиотечных работников профсоюзных библиотек$eУрок 1-$fКультотд. ВЦСПС$vУрок 14
Системный номер (АБИС) связанной записи 5582892
Автор Заочные курсы по переподготовке библиотечных работников профсоюзных библиотек (Москва)
Место публикации Москва
Дата публикации 1928
Первые сведения об ответственности Культотд. ВЦСПС
Имя издателя, распространителя и т.д. книгоизд-во ВЦСПС
Сведения, относящиеся к заглавию Урок 1-
Заглавие Заочные курсы по переподготовке библиотечных работников профсоюзных библиотек
Номер тома Урок 14
702 #1 - ИМЯ ЛИЦА - ВТОРИЧНАЯ ОТВЕТСТВЕННОСТЬ
Код отношения Составитель
Графика поля Кириллица
Материалы, к которым относится поле rus
Начальный элемент ввода Машбиц-Веров
Часть имени, кроме начального элемента ввода И. М.
Даты 1900-1989
Расширение инициалов личного имени Иосиф Маркович
Системный номер авторитетной/нормативной записи 227597
Идентификатор авторитетной/нормативной записи RU\NLR\AUTH\770227653
702 #1 - ИМЯ ЛИЦА - ВТОРИЧНАЯ ОТВЕТСТВЕННОСТЬ
Начальный элемент ввода Нусинов
Часть имени, кроме начального элемента ввода И.М.
Код отношения Редактор
801 #0 - ИСТОЧНИК ЗАПИСИ
Страна российская федерация
Организация NLR
Правила каталогизации psbo
801 #1 - ИСТОЧНИК ЗАПИСИ
Страна российская федерация
Организация ELAR
Источник данных rusmarc
852 ## - МЕСТОНАХОЖДЕНИЕ И ШИФР ХРАНЕНИЯ
Идентификатор организации NLR
Наименование фонда или коллекции (Sub-Location Identifier) Б
Шифр хранения (Call Number) 4275/П287(1-15)
852 ## - МЕСТОНАХОЖДЕНИЕ И ШИФР ХРАНЕНИЯ
Идентификатор организации NLR
Шифр хранения (Call Number) 40/2686
942 ## - ДОПОЛНИТЕЛЬНЫЕ ЭЛЕМЕНТЫ ЗАПИСИ (АБИС)
Тип экземпляра АБИС Неопределено
980 ## - КОЛЛЕКЦИЯ
Название коллекции Национальная библиография

Нет доступных экземпляров.